| LEADER |
00922nam0a2200181 450 |
| 001 |
16816691 |
| 010 |
|
|
|a 978-2-266-08641-7
|b Br.
|
| 100 |
|
|
|a 20131129d1994 u u0frey01 ba
|
| 101 |
0 |
|
|a fre
|
| 200 |
0 |
|
|a Cabot-Caboche
|f Daniel Pennac
|
| 207 |
|
1 |
|a
|
| 210 |
|
|
|a Paris
|c Pocket junior
|d 1994
|
| 215 |
|
|
|a 1 vol. (200 p.)
|
| 330 |
|
|
|a Courageux, Le Chien ! Pas joli, joli, mais un sacré cabot ! Comme il se bagarre pour vivre ! Ce qu'il cherche ? Une maîtresse. Une vraie, qui l'aime pour de bon. Pomme lui plaît beaucoup, au Chien. Un grand rire, des cheveux comme un soleil... Hélas, elle est tellement capricieuse ! Une vraie caboche, cette Pomme. Comment Le Chien va-t-il l'apprivoiser ?
|
| 700 |
|
0 |
|a Pennac
|b Daniel
|f 1944-....
|4 70
|
| 900 |
|
|
|a Roman enfant
|
| 901 |
|
|
|a Réserve
|
| 995 |
|
|
|a Bibliothèque
|c Bibliothèque
|f 024014219
|h 024014219
|k E PEN
|o p
|q j
|r az
|u Réserve. Vérifier la pastille sur la cote
|e Bibliothèque
|